00278 a2200133 450000100060000002000060000604000240001210000260003624000200006224500150008230000070009736200090010465000310011369138 a  cAnchieta - Itaigara aGouveia, Luis Augusto10aQue droga!lpor10aQue droga! a200 a1999 4aLiteratura infanto-juvenil